=LDR 00000nam 2200000 4500 =001 INLIS000000000025096 =005 20130612123630 =008 ***********************************Ind** =035 ##$$0010-061300000025096 =041 ##$$a Ind =082 ##$$a 729 =090 ##$$a 729, Kri t =100 ##$$a Kristianto, Gani =245 ##$$a Teknik mendesain prabot yang benar, gani Kristianto =260 ##$$a 1995 $b Yogyakarta =300 ##$$a 145 hlm, ilus, 29 cm =650 ##$$a Teknik mendesain =850 ##$$a NBPNMAT